| 000 | 01085nam a22003011i 4500 | ||
|---|---|---|---|
| 001 | 2640315 | ||
| 003 | EG-ScBUE | ||
| 005 | 20240703112901.0 | ||
| 008 | 720121t1962 nyu f b 001 0 eng d | ||
| 040 |
_aDLC _beng _erda _cDLC _dDLC _dEG-ScBUE |
||
| 041 | 1 |
_aeng _hfre |
|
| 043 | _an-us--- | ||
| 082 | 0 | 4 |
_a973.9 _222 _bMAU |
| 100 | 1 |
_aMaurois, Andre, _d1885-1967, _eauthor. _910222 |
|
| 245 | 1 | 0 |
_aFrom the new freedom to the new frontier : _ba history of the United States from 1912 to the present / _cby Andre Maurois ; translated by Patrick O'Brien. |
| 264 | 1 |
_aNew York : _bDavid Mckay Company, Inc., _c[1962] |
|
| 264 | 4 | _cc1962 | |
| 300 |
_axii, 365 pages ; _c22 cm |
||
| 336 |
_2rdacontent _atext _btxt |
||
| 337 |
_aunmediated _2rdamedia _bn |
||
| 338 |
_avolume _bnc _2rdacarrier |
||
| 504 | _aIncludes bibliographical references and index. | ||
| 546 | _aText in English ; translated from the original French. | ||
| 651 | 7 |
_aUnited States _xHistory _y20th century. _2BUEsh _910223 |
|
| 655 | _vReading book | ||
| 700 | 1 |
_aO'Brien, Patrick, _etranslator. |
|
| 942 |
_2ddc _cBB |
||
| 999 |
_c13102 _d13102 |
||